Minerva's Owl : (Record no. 13483)
[ view plain ]
| 000 -LEADER | |
|---|---|
| fixed length control field | 01912cam a2200265 a 4500 |
| 001 - CONTROL NUMBER | |
| control field | 15493798 |
| 005 - DATE AND TIME OF LATEST TRANSACTION | |
| control field | 20091009113422.0 |
| 008 - FIXED-LENGTH DATA ELEMENTS--GENERAL INFORMATION | |
| fixed length control field | 081022s2009 mau |rb 001 0 eng |
| 010 ## - LIBRARY OF CONGRESS CONTROL NUMBER | |
| LC control number | 2008043390 |
| 020 ## - INTERNATIONAL STANDARD BOOK NUMBER | |
| International Standard Book Number | 9780674032651 (cloth : alk. paper) |
| 035 ## - SYSTEM CONTROL NUMBER | |
| System control number | (OCoLC)ocn261174523 |
| 040 ## - CATALOGING SOURCE | |
| Original cataloging agency | DLC |
| Transcribing agency | DLC |
| Modifying agency | BTCTA |
| -- | YDXCP |
| -- | C#P |
| -- | BWX |
| -- | YBM |
| -- | CDX |
| -- | VP@ |
| -- | NLGGC |
| -- | DLC |
| 050 00 - LIBRARY OF CONGRESS CALL NUMBER | |
| Classification number | JA81 |
| Item number | .A32 2009 |
| 082 ## - DEWEY DECIMAL CLASSIFICATION NUMBER | |
| Edition number | 22 |
| Classification number | 320.09 |
| Item number | ABR |
| 100 1# - MAIN ENTRY--PERSONAL NAME | |
| Personal name | Abramson, Jeffrey B. |
| 9 (RLIN) | 11785 |
| 245 10 - TITLE STATEMENT | |
| Title | Minerva's Owl : |
| Remainder of title | The Tradition of Western Political Thought / |
| Statement of responsibility, etc | Jeffrey Abramson. |
| 260 ## - PUBLICATION, DISTRIBUTION, ETC. (IMPRINT) | |
| Place of publication, distribution, etc | Cambridge, Mass. : |
| Name of publisher, distributor, etc | Harvard University Press, 2009 |
| Date of publication, distribution, etc | 2009. |
| 300 ## - PHYSICAL DESCRIPTION | |
| Extent | 388 p. ; |
| Dimensions | 25 cm. |
| 504 ## - BIBLIOGRAPHY, ETC. NOTE | |
| Bibliography, etc | Includes bibliographical references (p. 353-375) and index. |
| 505 0# - FORMATTED CONTENTS NOTE | |
| Formatted contents note | Introduction: The canon of political thought -- Plato's Republic: the debate over justice begins -- The students revolt against Utopia -- Out of the cave and into the light-and back again? -- Beyond Plato's tragic republic -- Aristotle's ethics: the habits of virtue -- Aristotle's politics: severed hands and political animals -- Augustine and the problem of evil -- Machiavelli's dirty hands -- Hobbes and the kingdom of means -- Locke, liberalism, and the possessive life -- Rousseau and the rustic -- Rousseau and the political -- Kant's crooked timber -- John Stuart Mill and the demands of individuality -- Hegel, Marx, and the owl of Minerva -- The revival of political theory -- Conclusion: The passion for politics. |
| 650 #0 - SUBJECT ADDED ENTRY--TOPICAL TERM | |
| Topical term or geographic name as entry element | Political science |
| General subdivision | History. |
| 9 (RLIN) | 11786 |
| 942 ## - ADDED ENTRY ELEMENTS (KOHA) | |
| Source of classification or shelving scheme | Dewey Decimal Classification |
| Item type | Book - Borrowing |
| Withdrawn status | Item status | Source of classification or shelving scheme | Damaged status | Not for loan | Vendor | Home library | Current library | Shelving location | Date acquired | Source of acquisition | Cost, normal purchase price | Serial Enumeration / chronology | Total Checkouts | Total Renewals | Full call number | Barcode | Date last seen | Date last borrowed | Koha item type |
|---|---|---|---|---|---|---|---|---|---|---|---|---|---|---|---|---|---|---|---|
| Dewey Decimal Classification | MERIC | Central Library | Central Library | First floor | 24/02/2010 | 201.60 | 10029 | 31 | 161 | 320.09 ABR | 000019908 | 15/07/2025 | 10/11/2021 | Book - Borrowing |